| 000 | 00381nam a2200157Ia 4500 | ||
|---|---|---|---|
| 008 | 151213s9999 xx 000 0 und d | ||
| 100 | _aV. Rajaraman | ||
| 245 |
_aFundamental of computers _cV. Rajaraman |
||
| 250 | _a3rd | ||
| 260 |
_aNew Delhi _bPrentice hall _c2001 |
||
| 300 | _a1376 p. | ||
| 650 | _aComputer | ||
| 650 | _aComputer | ||
| 700 | _aV. Rajaraman | ||
| 999 |
_c1103 _d1103 |
||